| 000 | 00854nam a22002417a 4500 | ||
|---|---|---|---|
| 008 | 130821s2001 xxua gr eng | ||
| 020 | _a07216 85595 | ||
| 040 |
_aCo-BoUCM _bspa |
||
| 041 | 0 | 0 | _aeng |
| 060 | 1 | 0 |
_aWU 240 _25 |
| 245 | 0 | 0 |
_aPeriodontology for the dental hygienist _ceditado por Dorothy A. Perry, Phyllis L. Beemsterboer, Edward J. Taggaart |
| 250 | _a2a. ed. | ||
| 260 |
_aFiladelfia (Pensilvania, Estados Unidos) _bW.B. Saunders _cc2001 |
||
| 300 |
_axvi, 383 páginas _bilustraciones |
||
| 504 | _aIncluye referencias bibliográficas e índice. | ||
| 650 | 0 | 4 |
_aEnfermedades periodontales _914445 |
| 650 | 0 | 4 |
_aHigienistas dentales _916837 |
| 650 | 0 | 4 |
_aPeriodoncia _921378 |
| 700 | 1 | _aBeemsterboer, Phyllis. | |
| 700 | 1 | _aPerry, Dorothy A. | |
| 700 | 1 | _aTaggart, Edward J. | |
| 942 |
_cLIBRO _a15 _e2 _mP462P _2NLM _hWU 240 |
||
| 999 |
_c90007 _d90007 |
||